| 000 | 01114nam a22002775i 4500 | ||
|---|---|---|---|
| 001 | 151398 | ||
| 003 | ES-MaACL | ||
| 005 | 20250814064810.0 | ||
| 008 | 040927s1877 ne |||| | lat d | ||
| 040 |
_aCAM _bspa _cCAM |
||
| 080 | _a915.694"09" | ||
| 100 | 1 |
_aAl-Muqaddasi, Muhammad b. Ahmad. _9147599 |
|
| 245 | 1 | 0 |
_aDescriptio Imperii moslemici / _cauctore Schamso'd-dîn Ab^Abdollâh Mohammed ibn Ahmed Ibn avî Bekr al-Bannâ al-Basschârî Al-Mokaddasi ; edidit M.J. de Goeje. |
| 260 |
_aLugduni Batavorum, _capud E.J. Brill _c1877. |
||
| 300 |
_aVII, [500] p. ; _c24 cm. |
||
| 490 | 1 |
_aBibliotheca geographorum arabicorum ; _v3 |
|
| 500 | _aTexto en árabe con notas en latín. | ||
| 597 | _aPort. y prelim. en latín y texto en árabe. | ||
| 650 | 7 |
_aGeografía árabe _2embne _9136179 |
|
| 651 | 4 |
_aImperio islámico- _xDescripción. _9147600 |
|
| 700 | 1 |
_aGoeje, M. J. de ( _d1836-1909) _9127350 |
|
| 740 | 0 | _aAhsan al-taqasim fi ma`rifat al-aqalim. | |
| 830 | 0 |
_aBibliotheca geographorum arabicorum ; _v3 _9188011 |
|
| 852 |
_aES-MaACL _jG-1514 _z-- Enc. hol. |
||
| 999 |
_c151398 _d151398 |
||